000 00996caa a22002417a 4500
999 _c410863
_d410863
001 123678
003 UA-OsUOA
005 20200112135658.0
007 ta
008 20170706b un ||||| |||| 00| 0 ukr d
040 _aUA-OsUOA
_bukr
_cUA-OsUOA
_dUA-OsUOA
041 _aukr
080 _a908
090 _a908
_bМ29
100 _aМартинюк Я.
245 _aОсобливості проведення виборів до органів місцевого самоврядування на Волині у міжвоєнний період (1921–1939 рр.)
_cЯ. Мартинюк
300 _aС. 128–134
650 7 _a908 Краєзнавство
_2UDC
773 0 _0318350
_9334435
_dОстрог Національний університет "Острозька академія" 2003
_o61485
_tНаукові записки
_w(UA-OsUOA) 31915
_z966-7631-62-1
942 _cBKA
_2udc
955 _a1